| 000 | 00545 a2200181 4500 | ||
|---|---|---|---|
| 003 | OSt | ||
| 005 | 20231208100517.0 | ||
| 008 | 231207b |||||||| |||| 00| 0 eng d | ||
| 020 | _a9788126466627 | ||
| 040 | _coclc | ||
| 082 |
_a894.8128 _bWEI/O |
||
| 100 |
_aWeiss, Brian L. _910091 |
||
| 245 |
_aOre Aathmaavu, Anavadhi Sareerangal= Same Soul, Many Bodies / _cBrian L. Weiss |
||
| 250 | _a5th ed. | ||
| 260 |
_aKottayam: _bD C Books, _c2022. |
||
| 300 | _a272p. | ||
| 942 |
_2ddc _cBK _h894.8128 _iWEI/O _k894.8128 _mWEI/O |
||
| 999 |
_c44042 _d44042 |
||